000 01807cam a2200469 4500
001 ABS67374
008 031219n2003 000 0 eng u
035 _a(Sirsi) u124654
100 _aMurdoch, S.
245 _aHighlights of the year
260 _c2003
490 _aEstates Gazette
_v(0350) 13 December 2003, 90-91(2)
520 _aA round up of recent case law concerning professional liability. landowners' responsibilities, Landlord and Tenant Act 1954, rent reviews and property management issues.
590 _aABS
650 _aPROFESSIONAL LIABILITY
650 _aLANDOWNERS
650 _aLANDLORD AND TENANT ACT 1954
650 _aRENT REVIEWS
650 _aProperty management
_96262
650 _aRAJA V AUSTIN GRAY
650 _aMERRETT V BABB
650 _aBRADFORD AND BINGLEY PLC V HAYES DUNPHY AND HAYES LTD
650 _aLLOYDS TSB BANK PLC V EDWARD SYMMONS AND PARTNERS
650 _aJOHN D WOOD AND CO (RESIDENTIAL AND AGRICULTURAL) LTD V KNATCHBULL
650 _aJOHNSON V B J W PROPERTY DEVELOPMENT LTD
650 _aABBAHALL LTD V SMEE
650 _aSHAWS (EAL) LTD V PENNYCOOK
650 _aMARAZZI AND ANOTHER V GLOBAL GRANGE LTD
650 _aIVORY GROVE LTD V GLOBAL GRANGE LTD
650 _aZARVOS V PRADHAN
650 _aBEEGAS NOMINEES LTD V DECCO LTD
650 _aCANARY WHARF INVESTMENTS V TELEGRAPH GROUP LTD
650 _aCHECKPOINT LTD V STRATHCLYDE PENSION FUND
650 _aGUARDCLIFFE PROPERTIES LTD V CITY AND ST JAMES
650 _aGO WEST LTD V SPIGAROLO AND ANOTHER
650 _aCOLTRANE V DAY
650 _aGOLDMILE PROPERTIES LTD V SPEIRO LECHOURITIS
650 _aWILLIAMS AND ANOTHER V KILEY (T/A CK SUPERMARKETS LTD)
690 _aPROPERTY AND LAND LAW-CASE LAW
700 _aMurdoch, J.
942 _n0
999 _c73976
_d73976